000 00321nam a22001457a 4500
008 210429b ||||| |||| 00| 0 eng d
020 _a9780136133131
041 _aeng
080 _23rd
_a070
082 _a070
100 _a41
101 _aMED
245 _aListening and Speaking
_cSolorzano,H.S
942 _2udc
_cBK
999 _c57010
_d57010